Online katalóg knižníc regiónu Turca

Bezpečné náručie (Record no. 22029)

MARC details
000 -LEADER
fixed length control field 01649cam a2200445 a 4500
001 - CONTROL NUMBER
control field 22029
003 - CONTROL NUMBER IDENTIFIER
control field VRT
005 - DATE AND TIME OF LATEST TRANSACTION
control field 20260317164611.0
008 - FIXED-LENGTH DATA ELEMENTS--GENERAL INFORMATION
fixed length control field 240226s2002 xo gr 000 f slo
015 ## - NATIONAL BIBLIOGRAPHY NUMBER
National bibliography number SNBA2003/04-01253
020 ## - INTERNATIONAL STANDARD BOOK NUMBER
International Standard Book Number 8055103402
035 ## - SYSTEM CONTROL NUMBER
System control number SNK000395250
035 ## - SYSTEM CONTROL NUMBER
System control number urn:nbn:sk:snk-am3j02c
035 ## - SYSTEM CONTROL NUMBER
System control number 58760FA7-D363-42BB-A7A4-6C1CAC739E8B
035 ## - SYSTEM CONTROL NUMBER
System control number urn:nbn:sk:snk-am00ghgi
039 #9 - LEVEL OF BIBLIOGRAPHIC CONTROL AND CODING DETAIL [OBSOLETE]
Level of rules in bibliographic description 202402261450
Level of effort used to assign nonsubject heading access points VLOAD
Level of effort used to assign subject headings 202205091450
Level of effort used to assign classification VLOAD
Level of effort used to assign subject headings 202204221205
Level of effort used to assign classification VLOAD
Level of effort used to assign subject headings 202011101404
Level of effort used to assign classification msnk115
040 ## - CATALOGING SOURCE
Original cataloging agency SNK
Language of cataloging slo
Transcribing agency SNK
Description conventions AACR2
041 1# - LANGUAGE CODE
Language code of text/sound track or separate title slo
Language code of original eng
044 ## - COUNTRY OF PUBLISHING/PRODUCING ENTITY CODE
MARC country code xo
ISO country code SK
072 #7 - SUBJECT CATEGORY CODE
Subject category code 821.111(73)-3
Subject category code subdivision Americká próza
Source konspekt
080 ## - UNIVERSAL DECIMAL CLASSIFICATION NUMBER
Universal Decimal Classification number 821.111 (73)-3
Edition identifier 1997
080 ## - UNIVERSAL DECIMAL CLASSIFICATION NUMBER
Universal Decimal Classification number 821.111(73)-31
Edition identifier 2011
080 ## - UNIVERSAL DECIMAL CLASSIFICATION NUMBER
Universal Decimal Classification number (0:82-312.5)
Edition identifier 2011
100 1# - MAIN ENTRY--PERSONAL NAME
Personal name Anderson, Catherine,
Dates associated with a name 1947-
Relationship aut
240 10 - UNIFORM TITLE
Uniform title Baby love
Language of a work Slovensky
245 10 - TITLE STATEMENT
Title Bezpečné náručie
Statement of responsibility, etc. Catherine Andersonová ; [z anglického originálu Baby love preložila Judita Schromová]
250 ## - EDITION STATEMENT
Edition statement 1. vyd.
260 ## - PUBLICATION, DISTRIBUTION, ETC.
Place of publication, distribution, etc. Bratislava
Name of publisher, distributor, etc. Ikar
Date of publication, distribution, etc. 2002
300 ## - PHYSICAL DESCRIPTION
Extent 277 strán
Dimensions 21 cm
500 ## - GENERAL NOTE
General note Údaj o prekladateľovi prevzatý z tiráže
655 #7 - INDEX TERM--GENRE/FORM
Genre/form data or focus term ľúbostné romány
Source of term SNKPH
655 #7 - INDEX TERM--GENRE/FORM
Genre/form data or focus term americké romány
Source of term SNKPH
700 1# - ADDED ENTRY--PERSONAL NAME
Personal name Schromová, Judita
Relationship trl
910 ## - USER-OPTION DATA (OCLC)
User-option data snk
942 ## - ADDED ENTRY ELEMENTS (KOHA)
Source of classification or shelving scheme Dewey Decimal Classification
Koha item type Krásna literatúra pre dospelých
Suppress in OPAC No
949 ## - LOCAL PROCESSING INFORMATION (OCLC)
6 270001000198610
a svkbbA 106470
b svkbbm 646713
p 646.713
949 ## - LOCAL PROCESSING INFORMATION (OCLC)
6 273K0478068
a svkpoA 184333
b svkpo459958
q poškodená väzba
r poškodená väzba
949 ## - LOCAL PROCESSING INFORMATION (OCLC)
6 17A0354729
9 P60, <03>, [BOOK], {603}
a snkSC 109086
b snkKSP 10646/2002
s 6100:20201123
949 ## - LOCAL PROCESSING INFORMATION (OCLC)
6 17A0354730
9 P60, <05>, [BOOK], {605}
a snkSC 109086 D1
b snkKSP 10647/2002
Holdings
Stav vyradenia Strata Poškodenie Spôsob nadobudnutia Domovská knižnica Aktuálna knižnica Dátum nadobudnutia Total checkouts Čiarový kód exemplára Date last seen Typ exemplára
      Dar Obecná knižnica Horná Štubňa Obecná knižnica Horná Štubňa 17.03.2026   9788055103402 17.03.2026 Krásna literatúra pre dospelých
Projekt je podporený Slovenskou asociáciou knižníc
Prevádzkuje Turčianska knižnica Martin 2026